[Event "Niedersachsen-ch Seniors op 11th"]
[Site "Bad Bevensen"]
[Date "2008.07.11"]
[Round "4"]
[White "Marwitz, Ullrich"]
[Black "Reschke, Susanne"]
[Result "0-1"]
[WhiteElo "894"]
[BlackElo "1579"]
[PlyCount "50"]
[EventDate "2008.07.08"]
[EventType "swiss"]
[EventRounds "9"]
[EventCountry "GER"]
[SourceTitle "EXT 2022"]
[Source "ChessBase"]
[SourceDate "2021.10.06"]
[SourceVersion "1"]
[SourceVersionDate "2021.10.06"]
[SourceQuality "1"]

1. e4 e6 2. Nf3 d5 3. d3 dxe4 4. d4 exf3 5. Qxf3 Nf6 6. c3 Bd6 7. Bg5 Nbd7 8. Bb5 c6 9. Ba4 Qc7 10. 0-0 Bxh2+ 11. Kh1 Bd6 12. a3 h6 13. Be3 0-0 14. g3 b5 15. Bc2 Bb7 16. Kh2 c5 17. Qe2 cxd4 18. Bxd4 Qc6 19. Rg1 Bc5 20. Bxf6 Nxf6 21. Nd2 Rfd8 22. Ne4 Nxe4 23. Bxe4 Qxe4 24. Qxb5 Bxf2 25. Rg2 Qxg2# 0-1

[Event "GER-ch Seniors Gp-B 19th"]
[Site "Templin"]
[Date "2007.08.31"]
[Round "9"]
[White "Reschke, Susanne"]
[Black "Hofmann, Werner"]
[Result "1-0"]
[WhiteElo "1582"]
[BlackElo "1582"]
[PlyCount "55"]
[EventDate "2007.08.23"]
[EventType "swiss"]
[EventRounds "9"]
[EventCountry "GER"]
[SourceTitle "EXT 2022"]
[Source "ChessBase"]
[SourceDate "2021.10.06"]
[SourceVersion "1"]
[SourceVersionDate "2021.10.06"]
[SourceQuality "1"]

1. e4 e5 2. Nf3 Nc6 3. d4 exd4 4. Nxd4 Qf6 5. Nxc6 Qxc6 6. Bd3 Bc5 7. 0-0 d6 8. Nc3 Nf6 9. Bb5 Qxb5 10. Nxb5 Bb6 11. Qd3 0-0 12. Be3 Be6 13. Bxb6 axb6 14. Nxc7 Rac8 15. Nxe6 fxe6 16. c3 Rfd8 17. Rad1 d5 18. exd5 Rd6 19. Qg3 Rcd8 20. Rfe1 exd5 21. Qd3 Ng4 22. f3 Nf6 23. Re2 Nh5 24. g3 Nf6 25. Rde1 Nd7 26. Re8+ Rxe8 27. Rxe8+ Kf7 28. Qe3 1-0

[Event "GER-ch Seniors Gp-B 19th"]
[Site "Templin"]
[Date "2007.08.30"]
[Round "8"]
[White "Bulano, Alexander"]
[Black "Reschke, Susanne"]
[Result "1/2-1/2"]
[WhiteElo "1577"]
[BlackElo "1582"]
[PlyCount "58"]
[EventDate "2007.08.23"]
[EventType "swiss"]
[EventRounds "9"]
[EventCountry "GER"]
[SourceTitle "EXT 2022"]
[Source "ChessBase"]
[SourceDate "2021.10.06"]
[SourceVersion "1"]
[SourceVersionDate "2021.10.06"]
[SourceQuality "1"]

1. Nf3 Nf6 2. c4 d6 3. d4 g6 4. Nc3 Bg7 5. e4 Nc6 6. Be2 0-0 7. d5 Ne5 8. Nxe5 dxe5 9. b4 e6 10. f3 exd5 11. cxd5 Qd6 12. a3 c6 13. Be3 b6 14. Qb3 Bb7 15. Rd1 Rfd8 16. 0-0 cxd5 17. exd5 a6 18. Rd2 Bf8 19. Rfd1 Kg7 20. Na4 Nd7 21. Bg5 f6 22. Bh4 Rac8 23. Nb2 b5 24. Bf2 Rc7 25. h4 Rdc8 26. h5 Rc3 27. Qa2 Be7 28. Qb1 Bd8 29. hxg6 hxg6 1/2-1/2

[Event "GER-ch Seniors Gp-B 19th"]
[Site "Templin"]
[Date "2007.08.25"]
[Round "3"]
[White "Reschke, Susanne"]
[Black "Husser, Oskar"]
[Result "0-1"]
[WhiteElo "1582"]
[BlackElo "1769"]
[PlyCount "88"]
[EventDate "2007.08.23"]
[EventType "swiss"]
[EventRounds "9"]
[EventCountry "GER"]
[SourceTitle "EXT 2022"]
[Source "ChessBase"]
[SourceDate "2021.10.06"]
[SourceVersion "1"]
[SourceVersionDate "2021.10.06"]
[SourceQuality "1"]

1. e4 d5 2. exd5 Nf6 3. Nc3 Nxd5 4. Nxd5 Qxd5 5. d4 Nc6 6. Ne2 Bg4 7. f3 Bf5 8. c3 0-0-0 9. Bf4 e5 10. dxe5 Nxe5 11. Qxd5 Rxd5 12. Nd4 Nd3+ 13. Bxd3 Bxd3 14. 0-0-0 Bg6 15. Rhe1 Bc5 16. Nb3 Rxd1+ 17. Rxd1 Bb6 18. Re1 Rd8 19. Nd2 f6 20. Nc4 Bc5 21. Nd2 Bf7 22. Nb3 Bf8 23. Bg3 b6 24. Rd1 Re8 25. Re1 Rxe1+ 26. Bxe1 Bd6 27. Bg3 Be7 28. Kd2 a5 29. Nc1 g5 30. b3 h5 31. Nd3 h4 32. Bf2 Bd6 33. Bg1 Kd7 34. c4 Kc6 35. Kc3 Bg6 36. Kd4 b5 37. cxb5+ Kxb5 38. Kc3 c5 39. a4+ Kc6 40. Kc4 Bf7+ 41. Kc3 Kd5 42. Ne1 Be5+ 43. Kc2 Bg6+ 44. Nd3 c4 0-1

[Event "GER-chA Seniors 16th"]
[Site "Templin"]
[Date "2004.09.10"]
[Round "7"]
[White "Lueders, Guenter"]
[Black "Reschke, Susanne"]
[Result "1/2-1/2"]
[WhiteElo "1666"]
[BlackElo "1606"]
[PlyCount "110"]
[EventDate "2004.09.04"]
[EventType "swiss"]
[EventRounds "9"]
[EventCountry "GER"]
[SourceTitle "EXT 2005"]
[Source "ChessBase"]
[SourceDate "2004.11.15"]
[SourceVersion "1"]
[SourceVersionDate "2004.11.15"]
[SourceQuality "1"]

1. d4 f5 2. Bf4 d6 3. Nf3 g6 4. h3 Bg7 5. e3 Nf6 6. Nbd2 0-0 7. Be2 Nh5 8. Bh2 Nc6 9. Ng5 Nf6 10. Bc4+ d5 11. Be2 h6 12. Ngf3 Ne4 13. 0-0 Be6 14. c4 b6 15. cxd5 Bxd5 16. Bc4 Nxd2 17. Nxd2 Rc8 18. Bxd5+ Qxd5 19. Qb3 Qxb3 20. Nxb3 Nd8 21. Rfc1 c6 22. Rc2 Kf7 23. Rac1 Ke8 24. Nd2 Kd7 25. Nf3 Nf7 26. b4 a6 27. Nd2 e5 28. Nc4 Rb8 29. dxe5 Ke6 30. f4 Rfd8 31. Rd2 Rxd2 32. Nxd2 Rc8 33. Nf3 Bf8 34. b5 axb5 35. Nd4+ Kd5 36. Nxb5 c5 37. Nc3+ Ke6 38. Bg3 Ra8 39. Rb1 Rb8 40. Bf2 Be7 41. e4 fxe4 42. Nxe4 Kd5 43. Nc3+ Kc6 44. g4 b5 45. Ne4 Ra8 46. Rb2 b4 47. Kf1 Rc8 48. Ke2 c4 49. Be1 Rb8 50. Nf2 Kd5 51. Rd2+ Ke6 52. Rb2 b3 53. axb3 cxb3 54. Nd3 Ba3 55. Rb1 Kd5 1/2-1/2

[Event "GER-chA Seniors 16th"]
[Site "Templin"]
[Date "2004.09.07"]
[Round "4"]
[White "Reschke, Susanne"]
[Black "Erbs, Wolfgang"]
[Result "1-0"]
[WhiteElo "1606"]
[BlackElo "1698"]
[PlyCount "101"]
[EventDate "2004.09.04"]
[EventType "swiss"]
[EventRounds "9"]
[EventCountry "GER"]
[SourceTitle "EXT 2005"]
[Source "ChessBase"]
[SourceDate "2004.11.15"]
[SourceVersion "1"]
[SourceVersionDate "2004.11.15"]
[SourceQuality "1"]

1. e4 e5 2. Nf3 Nc6 3. d4 exd4 4. Nxd4 Nf6 5. Nxc6 bxc6 6. Bd3 Be7 7. Nc3 d6 8. 0-0 0-0 9. h3 Be6 10. f4 Rb8 11. Qf3 c5 12. f5 Bc8 13. b3 c6 14. Qg3 Nh5 15. Qf3 Nf6 16. Be2 Nd7 17. Bf4 Ne5 18. Bxe5 dxe5 19. Rad1 Qb6 20. Na4 Qa5 21. Qg3 Qc7 22. c4 f6 23. Rd2 Bd7 24. Rfd1 Rfd8 25. h4 Be8 26. Qe3 Rd4 27. g4 Rbd8 28. Kf2 Qd6 29. Ke1 Rd7 30. Rd3 Qb8 31. Kf2 Qd8 32. Kf3 h5 33. Nb2 Bf7 34. Rg1 hxg4+ 35. Kxg4 Qe8 36. Kh3 Bh5 37. Qh6 Rxd3+ 38. Nxd3 g6 39. fxg6 Bf8 40. Qxh5 Qd8 41. Qf3 Qc8 42. Qf5 Qd8 43. Rd1 Bg7 44. h5 Bh6 45. Qg4 Bg7 46. Qe6+ Kh8 47. Qxc6 Bf8 48. Qe6 Bg7 49. Qf5 Kg8 50. Qf3 Qc8 51. Kg2 1-0